MARC

LEADER 00000nam2a2200000 4500
001 261031
005 20231101233529.0
035 |a (RuTPU)RU\TPU\book\284003 
090 |a 261031 
100 |a 20140520d1968 k y0rusy50 ca 
101 1 |a rus  |c eng 
102 |a RU 
105 |a a z 001zy 
200 0 |a Т. 1 
210 |d 1968 
215 |a 631 с.  |c ил. 
320 |a Библиогр. в конце глав. 
320 |a Предм. указ.: с. 619-624. 
461 1 |0 (RuTPU)RU\TPU\book\199764  |t Спектроскопия ядерного магнитного резонанса высокого разрешения  |o в 2 т.  |o пер. с англ.  |f Дж. Эмсли, Дж. Финей, Л. Сатклиф  |v Т. 1  |d 1968 
606 1 |a Ядерный магнитный резонанс  |2 stltpush  |3 (RuTPU)RU\TPU\subj\21780  |9 46721 
610 1 |a спектроскопия 
610 1 |a теория 
610 1 |a спин-спиновая релаксация 
610 1 |a ядерная индукция 
610 1 |a спин-спиновое взаимодействие 
610 1 |a химические сдвиги 
610 1 |a расчет 
610 1 |a экранирование 
610 1 |a константы 
610 1 |a гидриды 
610 1 |a простые молекулы 
610 1 |a спектрометры 
610 1 |a датчики 
610 1 |a экспериментальные методы 
610 1 |a эталонные соединения 
610 1 |a спектры высокого разрешения 
610 1 |a анализ 
610 1 |a химическое равновесие 
610 1 |a растворы 
610 1 |a водородная связь 
675 |a 539.143.43  |v 3 
801 1 |a RU  |b 63413507  |c 20140520 
801 2 |a RU  |b 63413507  |c 20190212  |g RCR 
942 |c BK